MAASAI MARA UNIVERSITY

LIBRARY CATALOGUE

Contact Us: +254 020 2685356/7 or 0774 057787

Box: 861-20500, NAROK, KENYA

Email: info@mmarau.ac.ke

_Essentials of Genetics [4th ed] (Record no. 12446)

MARC details
000 -LEADER
fixed length control field 00462nam a2200169Ia 4500
008 - FIXED-LENGTH DATA ELEMENTS--GENERAL INFORMATION
fixed length control field 151021s9999 xx 000 0 und d
020 ## - INTERNATIONAL STANDARD BOOK NUMBER
International Standard Book Number 131435108
050 ## - LIBRARY OF CONGRESS CALL NUMBER
Classification number QH 430.K576 2005
245 ## - TITLE STATEMENT
Title _Essentials of Genetics [4th ed]
260 ## - PUBLICATION, DISTRIBUTION, ETC. (IMPRINT)
Place of publication, distribution, etc. New Jersey Pearson 2005
300 ## - PHYSICAL DESCRIPTION
Extent xviii,568p;ill.
500 ## - GENERAL NOTE
General note Includes index
500 ## - GENERAL NOTE
General note Includes index
650 ## - SUBJECT ADDED ENTRY--TOPICAL TERM
Topical term or geographic name as entry element _Genetics
700 ## - ADDED ENTRY--PERSONAL NAME
Personal name _Michael R Cummings
980 ## - EQUIVALENCE OR CROSS-REFERENCE-SERIES STATEMENT--PERSONAL NAME/TITLE [LOCAL, CANADA]
Personal name ^d20120816 12:52:04^oanne

No items available.

© 2016 Maasai Mara University.